000 00571nam a22001817a 4500
005 20251108164117.0
008 250721s1983 xx 000 0 ara d
082 1 4 _a218/قيم
100 1 _aإبن قيم الجوزية، أبو عبد الله بن أبي بكر
245 1 0 _aفضائل الذكر و الدعاء /
264 1 _aالقاهرة :
_bمكتبة التراث الإسلامي،
_c1983.
300 _a124ص
650 1 7 _aالإسلام
650 1 7 _aالشعائر
650 1 7 _aالأدعية الإسلامية
942 _2ddc
_cBK
999 _c3866
_d3866